| 000 | 00564nam a2200205 a 4500 | ||
|---|---|---|---|
| 005 | 20240228063833.0 | ||
| 008 | 991125c1995 e.u 000 0 spa u | ||
| 035 | _aUPN01000042894 | ||
| 049 | _aI | ||
| 050 | 4 | _aPZ78 C7.68 | |
| 100 | 1 | _aCrowdy, Deborah | |
| 245 | 1 | 3 |
_aEl orgullo / _cil. por Jodie McGallum |
| 260 |
_aE.U.A. : _bThe Child's World, _c1995 |
||
| 300 |
_a31 p. : _bil., col |
||
| 440 | 0 | _aValores para la vida | |
| 650 | 4 |
_aLibros y lectura para niƱos _92290 |
|
| 650 | 4 |
_aORGULLO Y VANIDAD _927512 |
|
| 904 |
_aAC _b042896 |
||
| 905 | _aInfantil | ||
| 999 |
_c42894 _d42894 |
||